Lord of the Rings: Trivia #2 - Statistics

General Stats
  • This quiz has been taken 105 times
  • The average score is 12 of 15
Answer Stats
Hint Answer % Correct
How many nazgul are there? Nine
98%
How many rings were given to the dwarves? Seven
95%
When the hobbits first meet Aragorn, he goes by what name? Strider
95%
Who is the lord of Rivendell? Elrond
93%
To open the gate of Moria, Gandalf says the elvish word for _____ Friend
93%
How many ringwraiths attack the hobbits at weathertop? Five
90%
Who holds Narya, the ring of fire, in the Lord of the Rings? Gandalf
90%
Which metal is the armoured shirt of Frodo made out of? Mithril
88%
Who kills the witchking of angmar, with the help of Merry? Eowyn
84%
What is the name of the Giant Spider that attacks Frodo and Sam? Shelob
84%
Where is Legolas's home? Mirkwood
76%
What is Gandalf called in Gondor? Mithrandir
72%
What does Aragorn's childhood name, Estel, mean? Hope
45%
What is the name of Glorfindel's horse? Asfaloth
26%
What are Merry and Pippin's gifts from Galadriel? Silver belts
24%
No matching quizzes found
Score Distribution
Percent of People with Each Score
Percentile by Number Answered
Your Score History
You have not taken this quiz